|
|
|
|
| LEADER |
02156nam a2200361 u 4500 |
| 001 |
10116762 |
| 003 |
upatras |
| 005 |
20250401063431.0 |
| 008 |
150702s1999 gr gre |
| 020 |
|
|
|a 9603200832
|
| 040 |
|
|
|a GR-PaULI
|c GR-PaULI
|
| 041 |
0 |
|
|a gre
|
| 082 |
1 |
4 |
|a 889.04
|2 ΕΕΒ
|
| 100 |
1 |
|
|a Δασκαλόπουλος, Δημήτρης,
|d 1939-
|4 aut
|9 6835
|
| 245 |
1 |
0 |
|a Συμπαθητική μελάνη
|b θέματα, συγγραφείς, έργα Νεοελληνικής λογοτεχνίας
|c Δημήτρης Δασκαλόπουλος.
|
| 260 |
|
|
|a Αθήνα
|b Ερμής
|c 1999
|
| 300 |
|
|
|a 221 σ.
|c 24 εκ.
|
| 504 |
|
|
|a Περιέχει βιβλιογραφία και ευρετήριο.
|
| 600 |
1 |
4 |
|a Γκάτσος, Νίκος,
|d 1915-1992
|x Ερμηνεία και κριτική
|9 53254
|
| 600 |
1 |
4 |
|a Ρούφος, Ρόδης,
|d 1924-1972,
|x Ερμηνεία και κριτική
|9 144971
|
| 600 |
1 |
0 |
|a Σαββίδης, Γ. Π.
|q (Γιώργος Π.),
|d 1929-1995
|x Ερμηνεία και κριτική
|9 144973
|
| 600 |
1 |
4 |
|9 144972
|a Durrell, Lawrence,
|x Ερμηνεία και κριτική
|d 1912-1990
|
| 600 |
1 |
0 |
|a Καβάφης, Κ. Π.
|q (Κωνσταντίνος Π.),
|d 1863-1933
|x Ερμηνεία και κριτική
|9 48253
|
| 600 |
1 |
4 |
|a Ρίτσος, Γιάννης
|d 1909-1990
|x Ερμηνεία και κριτική
|9 52213
|
| 600 |
1 |
0 |
|a Σεφέρης, Γιώργος,
|d 1900-1971
|x Ερμηνεία και κριτική
|9 48249
|
| 600 |
1 |
0 |
|a Ελύτης, Οδυσσέας
|d 1911-1996
|x Ερμηνεία και κριτική
|9 50062
|
| 650 |
|
4 |
|a Νεοελληνική λογοτεχνία
|x Περιοδικά
|9 187115
|
| 650 |
|
4 |
|9 156735
|a Νεοελληνική λογοτεχνία
|y 20ός αιώνας
|x Ιστορία και κριτική
|
| 852 |
|
|
|a GR-PaULI
|b ΠΑΤΡΑ
|b ΘΕΑΤΡΟΛΟΓΙΑ
|k ΑΣΧΕ-3
|h 889.04 ΔΑΣ
|m 007059
|p 025000016425
|t 1
|
| 942 |
|
|
|2 ddc
|c BK15
|
| 952 |
|
|
|0 0
|1 0
|4 0
|6 889_040000000000000_ΔΑΣ
|7 0
|9 181002
|a THST
|b THST
|d 2016-04-24
|i 007059
|l 0
|o 889.04 ΔΑΣ
|p 025000016425
|r 2016-04-24 00:00:00
|t 1
|w 2016-04-24
|y BK15
|
| 998 |
|
|
|c ΜΑΝΙΑ
|d 2015-07
|
| 999 |
|
|
|c 111884
|d 111884
|